| 000 | 00674nam a2200217Ia 4500 | ||
|---|---|---|---|
| 001 | 12876 | ||
| 003 | GE_BSU | ||
| 008 | 181216s||||||||xx |||||||||||||| ||und|| | ||
| 040 | _cGE_BSU | ||
| 080 | _a631.4 | ||
| 100 | _aСеменов,В.В. | ||
| 245 | _aКачественная оценка сельско-хозяйственных земель | ||
| 245 | _cРед.В.А.Алексеева | ||
| 260 | _aЛенинград | ||
| 260 | _bКолос | ||
| 260 | _c1970 | ||
| 300 | _a160стр.20см. | ||
| 300 | _cБиблиогр.с.157-159 | ||
| 653 | _aКачественная оценка сельско-хозяйственных земель | ||
| 942 | _cBK | ||
| 999 |
_c46046 _d46046 |
||